000 01525cam a2200133 4500500
005 20251214012534.0
041 _afre
042 _adc
100 1 0 _aPavis, Patrice
_eauthor
245 0 0 _aL'analyse des spectacles : Théâtre, mime, danse, cinéma
260 _bArmand Colin,
_c2021.
520 _aRedonner au spectateur confiance en son propre regard, une confiance qu’il n’aurait jamais dû perdre, telle est l’ambition de ce parcours à travers les spectacles et quelques manières de les contempler. Théâtre parlé, mime, danse, danse-théâtre, performance, cinéma et média audiovisuels : comment les analyser, notamment lorsqu’ils se combinent en des oeuvres hybrides ? Comment distinguer leurs composantes : jeu de l’acteur, voix, musique, espace, temps, costumes, éclairages, etc. ?L’analyse et l’interprétation se placent résolument du point de vue psychologique, sociologique, anthropologique et interculturel du récepteur. Le spectateur est encouragé à revoir sa façon de décoder un spectacle. Les études théâtrales s’associent aux Performances Studies pour mieux évaluer les productions postmodernes et postdramatiques, pour réfléchir sur les moyens de créer ou de recevoir un spectacle. L’exemple des Marchands (2006), de Joël Pommerat, nous offre l’occasion d’observer les nouvelles identités du spectateur. Tout est possible, ou presque.
856 4 1 _uhttps://shs.cairn.info/l-analyse-des-spectacles--9782200630928?lang=fr&redirect-ssocas=7080
999 _c1569805
_d1569805